RESİMLİ OKUL SÖZLÜĞÜ. (Record no. 6831)

MARC details
000 -BAŞLIK
Sabit Uzunluktaki Kontrol Alanı 00411nam a22001697a 4500
003 - KONTROL NUMARASI KİMLİĞİ
Kontrol Alanı koha_MIRAKIL
005 - EN SON İŞLEM TARİHİ ve ZAMANI
Kontrol Alanı 20250618094420.0
008 - SABİT UZUNLUKTAKİ VERİ ÖGELERİ - GENEL BİLGİ
Sabit Alan 231213b |||||||| |||| 00| 0 ||| d
040 ## - KATALOGLAMA KAYNAĞI
Özgün Kataloglama Kurumu TR-IsEVY
Kataloglama Dili tur
Çeviri Kurumu TR-IsEVY
082 ## - DEWEY ONU SINIFLAMA SİSTEMİ
Sınıflama Numarası R 413 RES
100 ## - KİŞİ ADI
Yazar Adı (Kişi adı) AKALIN, ŞÜKRÜ HALUK.
245 #0 - ESER ADI BİLDİRİMİ
Başlık RESİMLİ OKUL SÖZLÜĞÜ.
260 ## - YAYIN, DAĞITIM, VB.
Yayınevi TDK,
Yayın Tarihi 2008
300 ## - FİZİKSEL TANIMLAMA
Sayfa, Cilt vb. 1542.
650 ## - KONU BAŞLIĞI EK GİRİŞ - KONU TERİMİ
Konusal terim veya coğrafi ad Türk Dili.
942 ## - EK GİRİŞ ÖGELERİ (KOHA)
Source of classification or shelving scheme Dewey Decimal Classification
Koha item type Kitap
Holdings
Kayıp Durumu Sınıflandırma Kaynağı Hasarlı Durumu Koleksiyon Kodu Kalıcı Konum Mevcut Konum Kayıt Tarih Edinim Kaynağı Toplam Ödünçverme Yer Numarası Demirbaş Numarası Son Görülme Tarihi Son Kontrol Tarihi Fatura Tarihi Materyal Türü
  Dewey Decimal Classification   İlkokul İLKOKUL KÜTÜPHANESİ İLKOKUL KÜTÜPHANESİ 22/01/2014 Bağış 1 R 413 RES 07016 14/02/2024 12/01/2024 11/04/2018 Kitap